| 000 | 00407nam a2200145 a 4500 | ||
|---|---|---|---|
| 001 | 4995 | ||
| 003 | CDMR | ||
| 005 | 20130523172353.0 | ||
| 008 | 130130s2006||||||||||||||||||||||||||||d | ||
| 040 |
_aCDMR _bcat _cCDMR |
||
| 245 | 3 |
_aLa Vanguardia, 1881-2006 _b: 125 años de vocación universal |
|
| 260 |
_c2006 _bLa Vanguardia _a[Barcelona] |
||
| 610 | 2 |
_91150 _aLa Vanguardia (Diari) _xHistòria |
|
| 942 |
_cMON _2udc |
||
| 999 |
_c4995 _d4995 |
||